000 00908nam a22002777a 4500
003 DO-SdBNP
005 20220714094245.0
008 171025b 1978||| 00| 0 spa d
020 _a842390069X
040 _aBPMSU
_bspa
_cBPMSU
082 _a320.1
_bM297N 1978
_222
100 1 _aMaquiavelo, Nicolás,
_d1469-1527
245 1 3 _aEl principe :
_b(comentado por Napoleón Bonaparte) /
_cNicolás Maquiavelo
250 _a15a ed.
260 _aMadrid :
_bEspasa-Calpe
_c1978.
300 _a167 p. ;
_c18 cm.
490 0 _aAustral
500 _aIncluye referencias bibliográficas y notas al pie de las páginas
590 _6Inventariado, 2022/VM
600 1 4 _aMaquiavelo, Nicolás,
_d1469-1527.
_xCrítica e interpretación
650 4 _aCiencia política
650 4 _aÉtica política
700 1 _aBonaparte, Napoleón
_bI,
_d1769-1821.
_cEmperador de Francia
910 _aVMateo V.
942 _2ddc
_cBK
999 _c12699
_d12699